| 000 | 00000nam##2200000za#4500 |
| 001 | 9.647399 |
| 003 | CaOODSP |
| 005 | 20250319164517 |
| 007 | ta |
| 008 | 150407|1999||||xxc||||| f|0| 0 eng|d |
| 020 | |a0-662-27985-9 |
| 040 | |aCaOODSP|beng |
| 043 | |an-cn--- |
| 086 | 1 |aH88-3/28-1999E |
| 110 | 1 |aCanada.|bHealth Canada. |bPopulation and Public Health Branch. |
| 245 | 10|aChallenges of an aging Canadian society : |b1999 and beyond / |cIssued by the National Advisory Council on Aging. |
| 260 | |aOttawa - Ontario : |bHealth Canada. |c1999. |
| 300 | |avi, 70p. : |billus., references ; |c28 cm. |
| 563 | |aSoftcover |
| 590 | |a01-07|b2001-02-16 |
| 690 | 07|aAging|2gcpds |
| 690 | 07|aSeniors|2gcpds |
| 690 | 07|aStatus of the elderly|2gcpds |
| 775 | 08|tLes défis d'une société canadienne vieillissante : |w(CaOODSP)9.680823 |
| 776 | 0#|t1999 and beyond : |w(CaOODSP)9.695575 |